000 01989nam0a2200397 4500
001 RU\NLR\BIBL_A\012295079
005 20201009162307.0
010 _a978-5-6043483-3-8
_9500
021 _aRU
_bКН-П-20-015415
_9КН-П-20-1207
035 _a(NLR Aleph) 012295079
035 _a(RuMoRGB)010303442
090 _a11291119
_c11291119
100 _a20200717d2019 k y0rusy50 ca
101 0 _arus
102 _aRU
105 _aa|||z|||000zy
181 0 _ai
_baxxe
182 0 _an
200 1 _aСтруктура капитала сельскохозяйственных организаций и направления её совершенствования
_e(монография)
_fЯшина М. Л., Трескова Т. В., Нейф Н. М., Богапова М. Р.
_gМинистерство сельского хозяйства Российской Федерации, ФГБОУ ВО Ульяновский ГАУ
203 _aТекст
_bвизуальный
_cнепосредственный
210 _aУльяновск
_cУлГАУ
_d2019
215 _a204 с.
_cил., табл.
_d20
300 _aВ вып. дан. 1-й, 2-й и 3-й авт.: Яшина М. Л., д-р экон. наук, Трескова Т. В., Нейф Н. М., кандидаты экон. наук
320 _aБиблиогр.: с. 175-193 (230 назв.)
333 _a16+
606 1 _aСельскохозяйственные организации
_xБухгалтерский учет
_92110801
_3RU\NLR\AUTH\661579186
686 1 _aУ052.9(2)232
701 1 _aЯшина
_bМ. Л.
_gМарина Львовна
701 1 _aТрескова
_bТ. В.
_gТатьяна Викторовна
701 1 _aНейф
_bН. М.
_gНаталья Михайловна
701 1 _aБогапова
_bМ. Р.
_gМарьям Ривалевна
942 _cBOOK
980 _aNBR
980 _aNB